000 00741nam a22002537a 4500
001 BR9700817
003 BR-BrBNA
005 20230928095459.0
007 ta
008 230509b bl.||||| |||| 00| 0 por d
040 _aBR-BrBNA
_bpor
_cBiblioteca Nacional de Agricultura
041 _a(Por)
072 _aC30
090 _ C30 BR9700817
110 1 _aMinisterio da Agricultura, Rio de Janeiro, GB (Brasil)
_96904
245 1 _aNomenclatura rural; ensaio sobre prfissoes, empregos e encargos na agricultura
260 3 _aRio de Janeiro, GB (Brasil):
_c1949.
300 _a107 p.
500 _a5 ref.; serie nao considerada
650 _aOcupacao
650 _aAgricultura
909 _a202309
_bLucia
_c55
_dLucia Elande
942 _cBK
999 _c56810
_d56810